| 000 | 01026cam a22003135a 4500 | ||
|---|---|---|---|
| 001 | 1225287 | ||
| 005 | 20201128021315.0 | ||
| 008 | 131108t2015 enka frbd 001 0 eng d | ||
| 020 | _a1292059362 | ||
| 020 | _a9781292059365 | ||
| 040 |
_aDLC _beng _cDLC _dEG-ScBUE |
||
| 082 | 0 | 4 |
_a658.3 _bDUB _222 |
| 100 | 1 |
_aDuBrin, Andrew J. _91334 |
|
| 245 | 1 | 0 |
_aHuman relations : _binterpersonal job-oriented skills / _cAndrew J. DuBrin |
| 250 | _a12th ed., Global ed. | ||
| 260 |
_aHarlow : _bPearson Education Limited, _cc.2015. |
||
| 300 |
_a464 p. : _bill. (col.) ; _c26 cm. |
||
| 500 | _aGlossary : p. 455-457. | ||
| 500 | _aIndex : p. 458-464. | ||
| 504 | _aIncludes bibliographical references. | ||
| 650 | 0 |
_aOrganizational behavior. _2BUEsh _928258 |
|
| 650 | 0 |
_aPersonnel management. _2BUEsh |
|
| 650 | 0 |
_aIndustrial sociology. _2BUEsh _928258 |
|
| 650 | 0 |
_aInterpersonal relations. _2BUEsh |
|
| 651 | _2BUEsh | ||
| 653 |
_bBUSADM _cJune2015 _cAugust2015 |
||
| 655 |
_vreading book _934232 |
||
| 942 |
_2ddc _k658.3 DUB |
||
| 999 |
_c19758 _d19730 |
||